000 00815nam a2200217 i 4500
001 180531
003 ES-MaACL
005 20230906221125.0
008 120612s1974 sp |||| | spa d
080 _a537.531:535.42
080 _a535.42:537.531
100 1 _aCabrero Ros, Irene.
_9150480
245 1 0 _aAcción de las radiaciones Roentgen sobre las propiedades dieléctricas del vidrio /
_cpor Irene Cabrero Ros.
260 _aBarcelona :
_bUniversidad de Barcelona, Secretariado de Publicaciones, Intercambio Científico y Extensión Universitaria,
_c1974.
300 _a20 p., 1 h. :
_bgráf. ;
_c24 cm.
502 _aTesis-Universidad Barcelona (Extracto)
650 4 _aVidrio.
_9150481
650 4 _aRayos X.
_9136804
710 2 _aUniversidad de Barcelona.
_97141
852 _aES-MaACL
_jE-15362(114)
999 _c180531
_d180531